000 00769nam a22002531 4500
001 3112727
003 OSt
005 20140311134813.0
008 730109t19631961nyua 000 0 eng
010 _a 62020296
040 _aDLC
_cDLC
_dDLC
050 1 0 _aNK 1125
_b.W741 1961
082 0 0 _aM 708.04
_bW66 1961
100 1 _aWills, Geoffrey.
245 1 0 _aPractical guide to antique collecting /
_cWills, Geoffrey ; drawings by Turvey, A.J.
260 _aNew York :
_bArc Books Inc.,
_cc1961.
300 _a161 p.
_bill. ;
_c18 cm.
650 0 _aArt objects
_xCollectors and collecting.
650 0 _aCollectors and collecting.
740 _aAntique collecting.
906 _a7
_bcbc
_corignew
_du
_eocip
_f19
_gy-gencatlg
942 _2lcc
_cBK
_kM
999 _c35851
_d35851